| 000 | 00711cam a2200241u 4500 | ||
|---|---|---|---|
| 001 | 8275167 | ||
| 003 | ARRUPE | ||
| 005 | 20150716172730.0 | ||
| 008 | 810313s1929 enk 000 0 eng | ||
| 010 | _a 29008057 | ||
| 040 |
_aDLC _cCarP _dDLC |
||
| 043 | _ae-uk-en | ||
| 050 | 0 | 0 |
_aGN 493.4 _b.A9 R3 |
| 100 | 1 |
_aRattray, Robert Sutherland, _918348 |
|
| 245 | 1 | 0 | _aAshanti law and constitution, |
| 260 |
_aOxford, _bThe Clarendon press, _c1929. |
||
| 300 | _a420 p. cm. | ||
| 650 | 0 |
_aLaw, Primitive _918349 |
|
| 650 | 0 |
_aAshanti (African people) _xSocial life and customs _918350 |
|
| 906 |
_a0 _bcbc _cpremunv _du _encip _f19 _gy-gencatlg |
||
| 942 |
_2lcc _cMONOGRAPH |
||
| 999 |
_c122986 _d122986 |
||